| 000 | 00000nam##2200000za#4500 |
| 001 | 9.641823 |
| 003 | CaOODSP |
| 005 | 20241128084218 |
| 007 | cr ||||||||||| |
| 008 | 150407|1951||||xxc|||||o f|0| 0 fre|d |
| 040 | |aCaOODSP|bfre |
| 043 | |an-cn--- |
| 086 | 1 |aA43-784/1951F-PDF |
| 110 | 1 |aCanada. |bService des fermes expérimentales. |
| 245 | 10|aFleurs vivaces herbacées pour les jardins canadiens / |h[ressource électronique]|crevisée par R.W. Oliver. |
| 260 | |aOttawa - Ontario : |bAgriculture Canada. |cNovembre 1951. |
| 300 | |a108p.|bfigure, tableau, photographies |
| 500 | |aPublication historique numérisée par Agriculture et Agroalimentaire Canada. |
| 590 | |a13-17-Supp|b2013-07-25 |
| 691 | 07|aFlore|2gcpds |
| 691 | 07|aJardinage|2gcpds |
| 856 | 40|ahttp://publications.gc.ca|qPDF|s11.60 MB|uhttps://publications.gc.ca/collections/collection_2013/aac-aafc/agrhist/A43-784-1951-fra.pdf |
| 986 | |a784 |